| 000 | 01934nam a22004212 4500 | ||
|---|---|---|---|
| 001 | 0000025441 | ||
| 005 | 20151217154542.0 | ||
| 008 | 150922s xx 000 0 eng d | ||
| 020 | _a9966031327 : | ||
| 040 |
_aKABU _cKABU |
||
| 100 | 1 |
_aHussain, Mohammed Saheb. _@0000186084 |
|
| 245 | 1 | 0 |
_aGeneral Principles of Law of Contract in Tanzania / _cby Mohamed Saheb Hussein & Mudhihir Athuman Magee. |
| 260 |
_aNairobi, Kenya : _blawAfrica, _c2013. |
||
| 300 | _alii, 319 p. | ||
| 650 | 0 |
_aContracts _xTanzania. _@0000186085 |
|
| 700 | 1 |
_aMudhihir Athuman Magee. _@0000186086 |
|
| 852 | 1 | _9P2200KES | |
| 852 | 1 | _9P2200KES | |
| 852 | 1 | _9P2200KES | |
| 852 | 1 | _9P2200KES | |
| 852 | 1 | _9P2200KES | |
| 852 | 1 | _9P2200KES | |
| 852 | 1 | _9P2200KES | |
| 852 | 1 | _9P2200KES | |
| 852 | 1 | _9P2200KES | |
| 852 | 1 | _9P2200KES | |
| 852 | 1 | _9P2200KES | |
| 852 | 1 | _9P2200KES | |
| 852 | 1 | _9P2200KES | |
| 852 | 1 | _9P2200KES | |
| 852 | 1 | _9P2200KES | |
| 852 | 1 | _9P2200KES | |
| 852 | 1 | _9P2200KES | |
| 852 | 1 | _9P2200KES | |
| 852 | 1 | _9P2200KES | |
| 908 | _a150922 | ||
| 950 | _@1 | ||
| 999 |
_c11707 _d11707 |
||